000 00557nam a2200181 i 4500
001 15486
003 ES-MaACL
007 t|
008 000323s1986 fr ||||1| fre d
020 _a2-214-06422-2
080 _a239:282
100 1 _aGeira Salvadó, Teresa.
_956222
245 1 0 _aNotre église áa nu /
_cTeresa Salvatore.
260 _aParis :
_bLa Pensée Universelle,
_c[1986]
300 _a248 p. ;
_c22 cm.
610 2 7 _aIglesia Católica-
_vObras de controversia.
_94654
852 _aES-MaACL
_jG-2130
_bR.119079
_q. - Ded. autógr. de la autora
999 _c15486
_d15486